00423nam a2200157Ia 45000010006000000050017000060080041000230410008000640820018000721000028000902450087001182600009002053000035002146500008002496540008002571377820260306164826.0260306t2017||||xx |||||||||||||| ||spa|| aESP a005.133JbN96 aNurkiewicz, TomaszeAUT 0aReactive programming with RxJava:bcreating asynchronous, event-based applications c2017 axxiii, 345 páginas :c23 cm. aGEN aCCC